YouTube - Qui est l'Imposteur ? Les Invités - Statistiques

Statistiques générales
  • Ce quiz a été pris 2 461 fois
    742 depuis la dernière actualisation
  • Le résultat moyen est 16 sur 38
Statistiques - réponses
Épisode Activité Invité % Correct
1 Youtubeur Mister V
75%
17 Rappeur SDM
72%
7 Humoriste Ramzy Bedia
71%
19 Chanteuse Aya Nakamura
70%
11 Pilote Charles Leclerc
66%
1 Acteur Jonathan Cohen
65%
11 Pilote Pierre Gasly
64%
17 Rappeur Tiakola
61%
8 Rappeur SCH
60%
9 Acteur Pierre Niney
59%
7 Humoriste Eric Judor
56%
12 Actrice Marion Cotillard
52%
15 Actrice Adèle Exarchopoulos
50%
9 Acteur François Civil
50%
13 Acteur Omar Sy
48%
4 Rappeur Orelsan
47%
15 Acteur Alain Chabat
45%
12 Actrice Camille Cottin
45%
13 Compositeur DJ Snake
45%
6 Rappeur Vald
43%
6 Rappeur Naza
41%
5 Chanteuse Clara Luciani
40%
8 Rappeur Soso Maness
38%
19 Actrice Géraldine Nakache
36%
3 Humoriste Jamel Debbouze
31%
5 Humoriste Laura Felpin
31%
16 Acteur Jérôme Commandeur
30%
4 Réalisateur Clément Cotentin
27%
18 Réalisateur / Acteur Alexandre Astier
26%
2 Humoriste Djimo
24%
16 Humoriste Alison Wheeler
23%
14 Acteur Jean-Pascal Zadi
22%
2 Humoriste Roman Frayssinet
22%
14 Humoriste Fary
18%
18 Réalisateur / Acteur Kyan Khojandi
18%
10 Humoriste Panayotis Pascot
18%
3 Actrice Alice Belaïdi
15%
10 Humoriste Jérôme Niel
12%
Aucun quiz correspondant
Distribution des résultats
% des personnes avec chaque résultat
Percentile par nombre de réponses
Votre historique - résultats
Vous n’avez pas pris ce quiz depuis la dernière actualisation